| 000 | 00471nam a2200133Ia 4500 | ||
|---|---|---|---|
| 008 | 231221s9999 xx 000 0 und d | ||
| 020 | _a978-0-387-39362-9 | ||
| 041 | _aEnglish | ||
| 100 | _aBernd Kleinjohann, Lisa Kleinjohann, Ricardo J. Machado, Carlos E. Pereira, P. S. Thiagarajan | ||
| 245 | 0 | _aFrom Model-Driven Design to Resource Management for Distributed Embedded Systems | |
| 260 |
_c2006 _bSpringer US _aNew York |
||
| 650 | _aComputer Science | ||
| 942 | _cEB | ||
| 999 |
_c218177 _d218177 |
||